MARC details
| 000 -LEADER |
| campo de control de longitud fija |
01836nam a22004337a 4500 |
| 003 - IDENTIFICADOR DE NÚMERO DE CONTROL |
| campo de control |
OSt |
| 005 - FECHA Y HORA DE LA ÚLTIMA TRANSACCIÓN |
| campo de control |
20230413145434.0 |
| 008 - DATOS DE LONGITUD FIJA--INFORMACIÓN GENERAL |
| campo de control de longitud fija |
221006b |||||||| |||| 00| 0 eng d |
| 040 ## - FUENTE DE CATALOGACIÓN |
| Centro/agencia transcriptor |
Biblioteca Lado V |
| 082 ## - NÚMERO DE LA CLASIFICACIÓN DECIMAL DEWEY |
| Número de clasificación |
700 |
| Número de ítem |
K41a |
| 100 ## - ENTRADA PRINCIPAL--NOMBRE DE PERSONA |
| 9 (RLIN) |
799 |
| Nombre de persona |
Ruiz, Margarita |
| Término indicativo de función/relación |
editor |
| -- |
director |
| 245 ## - MENCIÓN DEL TÍTULO |
| Título |
Arte Cubano/ |
| Resto del título |
Revista de Artes Visuales/ |
| 260 ## - PUBLICACIÓN, DISTRIBUCIÓN, ETC. |
| Nombre del editor, distribuidor, etc. |
Consejo Nacional de las Artes Plasticas |
| Fecha de publicación, distribución, etc. |
1996 |
| Lugar de publicación, distribución, etc. |
Cuba |
| 300 ## - DESCRIPCIÓN FÍSICA |
| Dimensiones |
21x28cm |
| Extensión |
96p. |
| 366 ## - INFORMACIÓN SOBRE DISPONIBILIDAD COMERCIAL |
| Nota |
spa |
| 490 ## - MENCIÓN DE SERIE |
| Designación de volumen o secuencia |
1996 |
| Mención de serie |
2 |
| Número Internacional Normalizado para Publicaciones Seriadas |
1024 8439 |
| 505 ## - NOTA DE CONTENIDO CON FORMATO |
| Título |
Amelia antes de Amelia |
| 505 ## - NOTA DE CONTENIDO CON FORMATO |
| Título |
Una poética gráfica insular |
| 505 ## - NOTA DE CONTENIDO CON FORMATO |
| Título |
Volumenes y leyendas |
| 505 ## - NOTA DE CONTENIDO CON FORMATO |
| Título |
El cubano es ritmo |
| 505 ## - NOTA DE CONTENIDO CON FORMATO |
| Título |
Retos para un Salón de Arte Contemporáneo |
| 505 ## - NOTA DE CONTENIDO CON FORMATO |
| Título |
Pensar el arte |
| 505 ## - NOTA DE CONTENIDO CON FORMATO |
| Título |
Hilda y Manuel: Vidal por dos |
| 505 ## - NOTA DE CONTENIDO CON FORMATO |
| Título |
Ruta Critica |
| Nota de contenido con formato |
Hecho por Brito<br/><br/>Las coordenadas de Ibrahim<br/><br/>Muerte del utopico y suerte de la utopia<br/><br/>El sabor de los frutos verdes<br/><br/>Apropiaciones de Cosme<br/><br/>Partir la luna en dos |
| 505 ## - NOTA DE CONTENIDO CON FORMATO |
| Título |
Patrimonio |
| Nota de contenido con formato |
Un seguidor de Goya en el Palacio de Bellas Artes |
| 505 ## - NOTA DE CONTENIDO CON FORMATO |
| Título |
Lecturas |
| Nota de contenido con formato |
Glaize mira La Habana<br/><br/>Nuestro Fabelo |
| 505 ## - NOTA DE CONTENIDO CON FORMATO |
| Título |
Memorias |
| Nota de contenido con formato |
Benito Ortiz<br/><br/>Cubanos en New York<br/><br/>Premio de la Bienal de Cleveland |
| 505 ## - NOTA DE CONTENIDO CON FORMATO |
| Título |
Resumenes |
| 650 ## - PUNTO DE ACCESO ADICIONAL DE MATERIA--TÉRMINO DE MATERIA |
| Fuente del encabezamiento o término |
Tesauro de Arte & Arquitectura |
| Término de materia o nombre geográfico como elemento de entrada |
ARTE |
| 9 (RLIN) |
703 |
| 650 ## - PUNTO DE ACCESO ADICIONAL DE MATERIA--TÉRMINO DE MATERIA |
| Fuente del encabezamiento o término |
Tesauro de Arte & Arquitectura |
| Término de materia o nombre geográfico como elemento de entrada |
EXPOSICIONES |
| 650 ## - PUNTO DE ACCESO ADICIONAL DE MATERIA--TÉRMINO DE MATERIA |
| Fuente del encabezamiento o término |
Tesauro de Arte & Arquitectura |
| Término de materia o nombre geográfico como elemento de entrada |
BIENAL |
| 650 ## - PUNTO DE ACCESO ADICIONAL DE MATERIA--TÉRMINO DE MATERIA |
| Fuente del encabezamiento o término |
Tesauro de Arte & Arquitectura |
| Término de materia o nombre geográfico como elemento de entrada |
APRECIACION |
| 650 ## - PUNTO DE ACCESO ADICIONAL DE MATERIA--TÉRMINO DE MATERIA |
| Fuente del encabezamiento o término |
Tesauro de Arte & Arquitectura |
| Término de materia o nombre geográfico como elemento de entrada |
TEORIA |
| 650 ## - PUNTO DE ACCESO ADICIONAL DE MATERIA--TÉRMINO DE MATERIA |
| Fuente del encabezamiento o término |
Tesauro de Arte & Arquitectura |
| Término de materia o nombre geográfico como elemento de entrada |
CRITICA |
| 650 ## - PUNTO DE ACCESO ADICIONAL DE MATERIA--TÉRMINO DE MATERIA |
| Fuente del encabezamiento o término |
Tesauro de Arte & Arquitectura |
| Término de materia o nombre geográfico como elemento de entrada |
FOTOGRAFIA |
| 9 (RLIN) |
702 |
| 650 ## - PUNTO DE ACCESO ADICIONAL DE MATERIA--TÉRMINO DE MATERIA |
| Fuente del encabezamiento o término |
Tesauro de Arte & Arquitectura |
| Término de materia o nombre geográfico como elemento de entrada |
LITERATURA |
| 650 ## - PUNTO DE ACCESO ADICIONAL DE MATERIA--TÉRMINO DE MATERIA |
| Fuente del encabezamiento o término |
Tesauro de Arte & Arquitectura |
| Término de materia o nombre geográfico como elemento de entrada |
CUBANO |
| 942 ## - ELEMENTOS DE ENTRADA SECUNDARIOS (KOHA) |
| Fuente del sistema de clasificación o colocación |
Clasificación Decimal Dewey |
| Tipo de ítem Koha |
Libros |
| Parte de la signatura que corresponde a la clasificación (Parte de la clasificación) |
701.18 |
| Parte de la signatura que identifica el ejemplar (Parte del ítem) |
R934a |
| Suprimir en OPAC |
No |